Welcome to CU Library Online Public Access Catalogue (OPAC)

Managing internationally : (Record no. 6254)

MARC details
000 -LEADER
fixed length control field 01062cam a2200253 a 4500
001 - CONTROL NUMBER
control field 14702685
005 - DATE AND TIME OF LATEST TRANSACTION
control field 20250604122345.0
008 - FIXED-LENGTH DATA ELEMENTS--GENERAL INFORMATION
fixed length control field 070118s2008 cauab b 001 0 eng
020 ## - INTERNATIONAL STANDARD BOOK NUMBER
International Standard Book Number 9781412936903 (cloth : alk. paper)
020 ## - INTERNATIONAL STANDARD BOOK NUMBER
International Standard Book Number 141293690X (cloth : alk. paper)
050 00 - LIBRARY OF CONGRESS CALL NUMBER
Classification number HD62.4
Item number .F375 2008
082 00 - DEWEY DECIMAL CLASSIFICATION NUMBER
Classification number 658/.049
Edition information 22
100 1# - MAIN ENTRY--PERSONAL NAME
Personal name Fatehi, Kamal.
245 10 - TITLE STATEMENT
Title Managing internationally :
Remainder of title succeeding in a culturally diverse world /
Statement of responsibility, etc. Kamal Fatehi.
260 ## - PUBLICATION, DISTRIBUTION, ETC.
Place of publication, distribution, etc. Los Angeles :
Name of publisher, distributor, etc. Sage Publications,
Date of publication, distribution, etc. c2008.
300 ## - PHYSICAL DESCRIPTION
Extent xx, 707 p. :
Other physical details ill., map ;
Dimensions 26 cm.
650 #0 - SUBJECT ADDED ENTRY--TOPICAL TERM
Topical term or geographic name entry element International business enterprises
General subdivision Management
-- Social aspects.
650 #0 - SUBJECT ADDED ENTRY--TOPICAL TERM
Topical term or geographic name entry element Corporate culture.
650 #0 - SUBJECT ADDED ENTRY--TOPICAL TERM
Topical term or geographic name entry element Intercultural communication.
856 41 - ELECTRONIC LOCATION AND ACCESS
Materials specified Table of contents only
Uniform Resource Identifier <a href="http://www.loc.gov/catdir/toc/ecip078/2007002080.html">http://www.loc.gov/catdir/toc/ecip078/2007002080.html</a>
856 42 - ELECTRONIC LOCATION AND ACCESS
Materials specified Contributor biographical information
Uniform Resource Identifier <a href="http://www.loc.gov/catdir/enhancements/fy0801/2007002080-b.html">http://www.loc.gov/catdir/enhancements/fy0801/2007002080-b.html</a>
856 42 - ELECTRONIC LOCATION AND ACCESS
Materials specified Publisher description
Uniform Resource Identifier <a href="http://www.loc.gov/catdir/enhancements/fy0801/2007002080-d.html">http://www.loc.gov/catdir/enhancements/fy0801/2007002080-d.html</a>
942 ## - ADDED ENTRY ELEMENTS (KOHA)
Source of classification or shelving scheme Library of Congress Classification
Koha item type Books
Suppress in OPAC No
999 ## -
-- 6254
-- 6254
Holdings
Withdrawn status Lost status Source of classification or shelving scheme Damaged status Not for loan Collection Home library Current library Shelving location Date acquired Total checkouts Full call number Barcode Date last seen Copy number Price effective from Koha item type
    Library of Congress Classification     Non-fiction Graduate Library (Christ Temple) Graduate Library (Christ Temple) General stacks 06/04/2025   HD 62.4.F 38 FAT GSCT00001496 06/04/2025 1 06/04/2025 Books
    Library of Congress Classification     Non-fiction Graduate Library (Christ Temple) Graduate Library (Christ Temple) General stacks 06/04/2025   HD 62.4.F 38 FAT GSCT00001497 06/04/2025 2 06/04/2025 Books
    Library of Congress Classification     Non-fiction Graduate Library (Christ Temple) Graduate Library (Christ Temple) General stacks 06/04/2025   HD 62.4.F 38 FAT GSCT00001498 06/04/2025 3 06/04/2025 Books
    Library of Congress Classification     Non-fiction Graduate Library (Christ Temple) Graduate Library (Christ Temple) General stacks 06/04/2025   HD 62.4.F 38 FAT GSCT00001499 06/04/2025 4 06/04/2025 Books
    Library of Congress Classification     Non-fiction Graduate Library (Christ Temple) Graduate Library (Christ Temple) General stacks 06/04/2025   HD 62.4.F 38 FAT GSCT00001500 06/04/2025 5 06/04/2025 Books
© 2023-2024 Copyright: Central University Libraries. All Rights Reserved | Created by: Mahone Tech Office